000 00580nam a22001817a 4500
003 UA-OsUOA
001 16524
007 ta
008 20040113b un ||||| |||| 00| 0 ukr d
100 _aЯрошевич В.
942 _cSA
040 _aUA-OsUOA
_cUA-OsUOA
_dUA-OsUOA
245 _aМить істини , час єднання
_b[На Рівненщині пройшов форум демократ. сил]
300 _aС.1,2
955 _a0
773 0 _w0
_tНова Волинь
_dРівне
_d2003
_g№43/16 жовт./
650 7 _aКраєзнавча робота
_2UDC
999 _c302689
_d302689